00000000nam##2200000za#4500
0019.574124
003CaOODSP
00520210624184030
007cr |||||||||||
008150406|2004||||xxc|||||o    f|0| 0 eng|d
022 |a1488-5379
040 |aCaOODSP|beng
043 |an-cn---
0861 |aFs97-6/2543E-PDF
1101 |aCanada. |bDepartment of Fisheries and Oceans. |bMaritimes Region.
24510|aFish Health and Oceanography Project of the Aquaculture Collaborative Research and Development Program : |h[electronic resource]|bfinal project report / |cby F.H. Page, B.D. Chang, [and] D.A. Greenberg.
260 |aSt. Andrews - New Brunswick : |bFisheries and Oceans Canada. |cJuly 2004.
300 |a53p.|bfigs., graphs, maps, references, tables, photographs
4901 |aCanadian technical report of fisheries and aquatic sciences|x1488-5379|vNo. 2543
500 |aThe catalogue number (Fs97-6/2543E) and ISSN (0706-6457) for the print edition have been incorrectly copied in this electronic publication.
546 |a(Résumé en français)
590 |a12-23-Supp|b2012-05-28
7201 |aPage, F. H.
7201 |aChang, B. D.
7201 |aGreenberg, D. A.
7760#|tFish Health and Oceanography Project of the Aquaculture Collaborative Research and Development Program: final project report / |w(CaOODSP)9.617115
830#0|aCanadian technical report of fisheries and aquatic sciences,|x1488-5379|vNo. 2543|w(CaOODSP)9.504449
85640|ahttp://publications.gc.ca|qPDF|s10.59 MB|uhttps://publications.gc.ca/collections/collection_2012/mpo-dfo/Fs97-6-2543-eng.pdf|yNo. 2543